|
|
|
|
| LEADER |
00000naa a2200000uu 4500 |
| 001 |
vtls011070506 |
| 003 |
SK-MaSNL |
| 005 |
20260302135300.0 |
| 008 |
210908|2002 xo |||||||||||||||||eng| |
| 015 |
|
|
|a SNBRA
|
| 035 |
|
|
|a (urnnbn)urn:nbn:sk:snk:ar-a0ca5m
|
| 035 |
|
|
|a (uuid)984c6441-ed52-43e3-9a62-9f878a74deff
|
| 035 |
|
|
|a urn:nbn:sk:snk-aavggk
|
| 040 |
|
|
|a SNKBUCL
|b slo
|c SNKBUCL
|e AACR2
|
| 041 |
0 |
|
|a eng
|
| 044 |
|
|
|a xo
|c SK
|
| 100 |
1 |
|
|a Straka, Marek,
|d 1976-
|4 aut
|9 228403
|
| 245 |
1 |
0 |
|a PARALLEL RENDERING IN VIRTUAL REALITY SYSTEM PROLAND
|c Marek Straka
|
| 773 |
0 |
|
|t 2. doktorandská konferencia a študentská vedecká odborná súťaž Technickej univerzity v Košiciach Fakulty elektrotechniky a informatiky
|d Košice : Technická univerzita, 2002
|g S. 73-74
|z 8096866621
|
| 958 |
|
|
|a OND
|
| 958 |
|
|
|a article12
|
| 958 |
|
|
|a chapter
|
| 999 |
|
|
|c 1327021
|d 1328951
|